[Event "POL-ch U18"]
[Site "Wisla"]
[Date "2000.??.??"]
[Round "9"]
[White "Goszczynski, Lukasz"]
[Black "Rozumek, Lukasz"]
[Result "1/2-1/2"]
[WhiteElo "1800"]
[BlackElo "2000"]
[PlyCount "72"]
[EventDate "2000.02.26"]
[EventType "swiss"]
[EventRounds "10"]
[EventCountry "POL"]
[SourceTitle "EXT 2005"]
[Source "ChessBase"]
[SourceDate "2004.11.15"]
[SourceVersion "1"]
[SourceVersionDate "2004.11.15"]
[SourceQuality "1"]

1. e4 e5 2. Bc4 Nc6 3. Nc3 Nf6 4. d3 h6 5. Be3 Bb4 6. Nge2 d5 7. exd5 Nxd5 8. Bxd5 Qxd5 9. 0-0 Qd8 10. a3 Be7 11. d4 exd4 12. Nxd4 Nxd4 13. Qxd4 0-0 14. Qxd8 Rxd8 15. Nb5 Bg4 16. f3 Bf5 17. Nxc7 Rac8 18. Nb5 a6 19. Nd4 Bxc2 20. Rac1 Bg6 21. Rfd1 Bc5 22. Kf2 Kh7 23. b4 Bxd4 24. Rxd4 Rxc1 25. Rxd8 Ra1 26. Bb6 Rxa3 27. Rb8 Ra2+ 28. Kg3 Ra4 29. Ba5 b5 30. Rb6 Bd3 31. Kf2 Bc4 32. Rxa6 Ra2+ 33. Kg1 Ra1+ 34. Kf2 Rf1+ 35. Kg3 Rb1 36. Kf2 Rb2+ 1/2-1/2

[Event "POL-chT2 U18"]
[Site "Augustow"]
[Date "1996.??.??"]
[Round "?"]
[White "Barglowski, Filip"]
[Black "Rozumek, Lukasz"]
[Result "1-0"]
[WhiteElo "1800"]
[BlackElo "1800"]
[PlyCount "79"]
[EventDate "1996.??.??"]
[EventType "team"]
[EventRounds "10"]
[EventCountry "POL"]
[SourceTitle "EXT 2003"]
[Source "ChessBase"]
[SourceDate "2002.11.25"]
[SourceVersion "1"]
[SourceVersionDate "2002.11.25"]
[SourceQuality "1"]

1. e4 c6 2. d4 d5 3. exd5 cxd5 4. Bd3 Nc6 5. c3 Nf6 6. Bf4 Bg4 7. Qb3 Na5 8. Qa4+ Bd7 9. Qc2 e6 10. Nf3 Be7 11. Nbd2 Rc8 12. 0-0 Nc6 13. Qd1 a6 14. Ne5 b5 15. Nxd7 Qxd7 16. a4 Qb7 17. axb5 axb5 18. Qb3 Nh5 19. Be3 Rb8 20. Be2 g6 21. Bxh5 gxh5 22. Bf4 Rc8 23. Nf3 Kd7 24. Ne5+ Nxe5 25. Bxe5 f6 26. Bf4 Ra8 27. Rfe1 Ra6 28. Rxa6 Qxa6 29. Qd1 b4 30. Qxh5 bxc3 31. bxc3 Qd3 32. Qg4 f5 33. Qg7 Rf8 34. Ra1 Rd8 35. Rc1 Qe2 36. Bg5 Re8 37. h4 Kd6 38. Bf4+ Kd7 39. Ra1 Kd8 40. Qf7 1-0